Más allá de la calidad en educación infantil ; Perspectivas posmodernas
Uloženo v:
| Hlavní autor: | |
|---|---|
| Další autoři: | , |
| Médium: | Kniha |
| Jazyk: | španělština |
| Vydáno: |
Barcelona
Graó
2005
|
| Témata: | |
| Tagy: |
Přidat tag
Žádné tagy, Buďte první, kdo vytvoří štítek k tomuto záznamu!
|
MARC
| LEADER | 00000nam a22000005a 4500 | ||
|---|---|---|---|
| 003 | CL-ChBUA | ||
| 005 | 20120815095537.0 | ||
| 008 | 111028s2005 sp ||||| |||| 000 ||spa | ||
| 020 | |a 8478273875 | ||
| 040 | |a CL-ChBUA |c CL-ChBUA | ||
| 082 | 0 | 0 | |a 372.21 |
| 090 | |c 29051 |d 29051 | ||
| 100 | 1 | |a Dahlberg, Gunilla | |
| 245 | 1 | 0 | |a Más allá de la calidad en educación infantil ; |b Perspectivas posmodernas |
| 260 | |a Barcelona |b Graó |c 2005 | ||
| 300 | |a 323 p. |c 24 cm. | ||
| 504 | |a índice, bibl. | ||
| 650 | 4 | |a EDUCACION TEMPRANA DE NIÑOS | |
| 650 | 4 | |a SERVICIO DE CUIDADO DE NIÑOS | |
| 650 | 4 | |a POSTMODERNISMO Y EDUCACION | |
| 650 | 4 | |a PEDAGOGIA CRITICA | |
| 700 | 1 | |a Moss, Peter | |
| 700 | 1 | |a Pence, Alan | |
| 942 | |c LIB | ||
| 952 | |0 0 |1 0 |2 ddc |4 0 |6 372_210000000000000_D_131 |7 0 |9 67908 |a UNACH |b UNACH |c 300 |d 2011-10-28 |i 48.217 |l 7 |m 2 |o 372.21 / D 131 |p 69040 |r 2026-04-01 21:26:59 |s 2026-03-26 |t 1 |u 67908 |w 2012-08-08 |y LIB | ||
| 999 | |c 29051 |d 29051 | ||